Eurovision Song Contest 2010 - Grand Final Results - Statistics

General Stats
  • This quiz has been taken 32 times
    0 since last reset
  • The average score is 0 of 25
Answer Stats
Answer % Correct
Albania 960px-Flag_of_Albania.svg.png
0%
Armenia 960px-Flag_of_Armenia.svg.png
0%
Azerbaijan 960px-Flag_of_Azerbaijan.svg.png
0%
Belarus 960px-Flag_of_Belarus_%281995%E2%80%932012%29.svg.png
0%
Belgium 960px-Flag_of_Belgium.svg.png
0%
Bosnia & Herzegovina 960px-Flag_of_Bosnia_and_Herzegovina.svg.png
0%
Cyprus 960px-Flag_of_Cyprus.svg.png
0%
Denmark 960px-Flag_of_Denmark.svg.png
0%
France 960px-Flag_of_France_%281976%E2%80%932020%29.svg.png
0%
Georgia 960px-Flag_of_Georgia.svg.png
0%
Germany 960px-Flag_of_Germany.svg.png?20111003033442
0%
Greece 960px-Flag_of_Greece.svg.png
0%
Iceland 960px-Flag_of_Iceland.svg.png
0%
Ireland 960px-Flag_of_Ireland.svg.png
0%
Israel 960px-Flag_of_Israel.svg.png
0%
Moldova 960px-Flag_of_Moldova_%281990%E2%80%932010%29.svg.png
0%
Norway 960px-Flag_of_Norway.svg.png
0%
Portugal 960px-Flag_of_Portugal.svg.png
0%
Romania 960px-Flag_of_Romania.svg.png
0%
Russia 960px-Flag_of_Russia.svg.png?20120812153731
0%
Serbia 960px-Flag_of_Serbia_%282004%E2%80%932010%29.svg.png
0%
Spain 960px-Flag_of_Spain.svg.png?20160610210450
0%
Turkey 960px-Flag_of_Turkey.svg.png
0%
Ukraine 960px-Flag_of_Ukraine.svg.png
0%
United Kingdom 960px-Flag_of_the_United_Kingdom_%281-2%29.svg.png
0%
No matching quizzes found
Score Distribution
Percent of People with Each Score
Percentile by Number Answered
Your Score History
You have not taken this quiz since the last reset